000 01101nam a2200277 a 4500
001 BRCA_7479
005 20190320205842.0
008 250413s1845----enkac#####---#000-0#eng-#
041 _aeng
044 _aenk
050 4 _aDA415
_b.C38 1845
100 1 _aCattermole, Richard
_d1795?-1858
_918409
245 1 0 _aThe great civil war of Charles I. and the Parliament
_cby Richard Cattermole ; engravings from drawings by George Cattermole and portraits of Charles I. and Oliver Cromwell, after Vandyke, under the superintendence of Charles Heath.
250 _a2
260 _aLondres
_bLongman, Brown, Green and Longmans
_c1845
300 _a2 v.
_bil., 28 láminas, retratos
_c23 cm.
500 _aDos ejemplares inventariados por el Banco de México como un solo libro
500 _aEdición de cantos dorados
500 _aR1
505 0 _av.1 The Raising of the Standard.-- v.2 Being Heath´s picturesque annual for 1845.
650 1 4 _aRetratos
_918410
650 1 4 _aGrabados
_95058
651 4 _aGran Bretaña
_xHistoria
_yGuerra civil, 1642-1649
_918411
902 _aGFM
942 _2lcc
_cB
999 _c7154
_d7154